00350nam a2200085Ia 4500008004100000082001500041100004600056245014700102260001500249230320s9999||||xx |||||||||||||| ||spa|| aTMG/2018/1 aChanganaquí Saldaña, Margarita Isabel 0aEstilos De Liderazgo Directivo Y La Calidad De Gestión Educativa Desde La Percepción Docente De Cuatro Instituciones Educativas Públicas bLima, 2018